Jung József, főjegyző

Elmentve itt :
Bibliográfiai részletek
Dokumentumtípus: Cikk
Megjelent: 1924-11-19
Sorozat:Délmagyarország 5 No. 266
Kulcsszavak:Jung József, Gyászjelentés Szeged 1924, Szeged, Gyászjelentés
Online Access:http://dmarchiv.bibl.u-szeged.hu/37446
LEADER 00445nab a2200145 i 4500
001 delm37446
005 20180927112929.0
008 180927s1924 hu o 0|| hun d
040 |a SZTE Délmagyarország Archívum  |b hun 
041 |a hun 
245 0 0 |a Jung József, főjegyző  |h [elektronikus dokumentum] 
260 |c 1924-11-19 
300 |a 8 
490 0 |a Délmagyarország  |v 5 No. 266 
695 |a Jung József, Gyászjelentés Szeged 1924, Szeged, Gyászjelentés